| 000 | 00468nam a2200157 i 4500 | ||
|---|---|---|---|
| 001 | 88318 | ||
| 003 | ES-MaACL | ||
| 005 | 20230906175834.0 | ||
| 007 | t| | ||
| 008 | 050104s1908 fr ||||1| fre d | ||
| 100 | 1 |
_aLa Grasserie, Raoul de. _969156 |
|
| 245 | 1 | 0 |
_aDes phénomènes religieux dits mystères / _cpar Raoul de La Grasserie. |
| 260 |
_a[S.l. : _bs.n., _c1908] ( _eMelle : _fImp. Soussard et Cia) |
||
| 300 |
_a119 p. ; _c18 cm. |
||
| 852 |
_aES-MaACL _jD-710 |
||
| 999 |
_c88318 _d88318 |
||